000
00343nam a2200133Ia 4500
005
20240530102937.0
008
140319s9999 xx 000 0 ara d
040
_a
GCL /
_c
GCL
082
0
4
_a
811.062
_b
م ا
100
0
_a
محمد التهامى
245
1
0
_a
انا مسلم /
_c
محمد التهامى
300
_a
95 ص
942
_2
ddc
_c
BK
999
_c
35564
_d
35564